000
00310nam a2200121Ia 4500
005
20251222144648.0
008
251222s9999||||xx |||||||||||||| ||spa||
020
_a
9972-46-379-2
082
_a
658.044/P87
245
0
_a
Lineamientos para la Promoción de Redes Empresariales
264
_b
PROPOLI
942
_c
LIB
999
_c
16933
_d
16933